000 01392nam a2200433 a 4500
001 22329
003 VRT
005 20260326141118.0
008 070305s2006 xo a j 000 0 slo c
020 _a8071468290 (viaz.)
035 _aa000364966
039 9 _a202309181150
_bhalgasoV
_c202201051314
_dteka
_c202001291902
_dAUTHORITY
_c200710300825
_dteka
040 _aUKB
_bslo
_cUKB
_eAACR2
041 1 _aslo
_hspa
044 _axo
_cSK
072 7 _a821-93
_xLiteratúra pre deti a mládež (beletria)
_2konspekt
072 7 _a028
_xČítanie
_2konspekt
080 _a028.5
_22011
080 _a(0:82-34)
_22011
080 _a821-93
_22011
100 1 _aPogran, Miroslav
245 1 0 _aRozprávkový šlabikár
_bo Snehulienke
_c[text Miroslav Pogran]
260 _aBratislava
_bJunior
_c[2006]
300 _a90, [3] s.
_bil
500 _aPôv. tit. špan
505 0 _aO Snehulienke -- Tri prasiatka -- Kocúr v čižmách -- Pinocchio
650 0 7 _adetské čítanie
_2UKBPH
655 7 _apublikácie pre deti
_2UKBPH
655 7 _arozprávky
_2UKBPH
740 0 2 _aO Snehulienke
740 0 2 _aTri prasiatka
740 0 2 _aKocúr v čižmách
740 0 2 _aPinocchio
765 0 _tTroquelados clásicos. Slovensky
910 _aukb
942 _2ddc
_cKLDE
_n0
949 _61800331447
_aSK.D.31270
_bPV.2602-2007
_s6707:20071112
949 _61800331448
_aSL.D.62410
_bPV.2601-2007
999 _c22329
_d22329